Tekst Piosenki "Złamane serce jest OK" - Statystyki

Ogólne statystyki
  • Ten quiz został rozwiązany 172 razy
  • Średni wynik to 20 z 29
Statystyki odpowiedzi
Hint Odpowiedź % Poprawnych
Złamane ..... jest OK serce
91%
Złamane ..... jest OK serce
91%
Złamane ..... jest OK serce
91%
Jechałam ..... dwieście
89%
Mieliśmy zwiedzać ........Tam gubić się Paryż
88%
Polecę na ......... brzeg zachodni
88%
Polecę na ......... brzeg zachodni
88%
Polecę na ......... brzeg zachodni
88%
A ja cała we łzachZadzwonię w ..... powiem, że lipcu
86%
A ja cała we łzach Zadzwonię w ..... powiem, że lipcu
86%
Może jej ......... WietnamBo w nowy rok pokaż
85%
Nie odebrane telefony, tryb .......... samolotowy
84%
Skasowałam ........ Obok kina w mur Poloneza
82%
Tam gdzie my ......... wcześniej
79%
Nie chcę ................ już żyć bez Ciebie
68%
Na mieście zobaczyłam jak ........... trzyma Cię za rękę beztrosko
67%
Wiem, że Cię w końcu rzuci......... mi napiszesz
67%
Zamknęli nam nasze .... PHO
67%
Teraz to z nią ....... jesz mule
66%
A ja będę się śmiaćWsiądę w samolot ................. Asia Air
64%
A ja będę się śmiać Wsiądę w samolot ................. Asia Air
64%
A ja będę się śmiać Wsiądę w samolot ................. Asia Air
64%
Pod ...... z nią krzyczysz dziś sceną
64%
Na .......... w tym miesiącuBłyszczy twoja twarz bilbordach
62%
Kupiłam bilet, ...... i Patrzyłam jak się całujecie colę
50%
Wyczołgałam się spod autaW ........ grali Drive Lunie
48%
Nie dzwoń, bo znów ....... się rozbijam
36%
Miałeś mnie wziąć na ..........Krzyczałabym Strokes'ów
20%
A ja cała we łzach (................)Zadzwonię w lipcu powiem, że cała we łzach
12%
Nie znaleziono quizów pasujących do podanych kryteriów
Rozkład punktacji
Procent ludzi z każdym wynikiem
Percentyl według liczby udzielonych odpowiedzi
Twoja historia wyników
Nie rozwiązałeś tego quizu